| 000 | 00571cab a2200229 4500 | ||
|---|---|---|---|
| 001 | X1035 | ||
| 008 | 090401t1993 xxu||||| |||| 00| 0 eng d | ||
| 035 | _a(Sirsi) u14327 | ||
| 041 | _aeng | ||
| 100 | _aRawkins, J. | ||
| 245 | _aPutting copyright on the map | ||
| 260 | _c1993 | ||
| 350 | _a0 | ||
| 490 |
_aGIS Europe _v2(5) June 1993, 12-13(2) |
||
| 650 | _aCOPYRIGHT DESIGNS AND PATENTS ACT 1988 | ||
| 650 | _aGIS | ||
| 650 | _aINTERLEGO AG V TYCO INDUSTRIES INC | ||
| 650 | _aLAW | ||
| 690 | _aMAPPING AND MEASUREMENT | ||
| 942 | _n0 | ||
| 948 | _c04/03/1997 | ||
| 999 |
_c9317 _d9317 |
||